1903 1163 1625 1268 1591 1322 1818 1625 1150 1408 1482 1974 1274 1012 1055 1058 1700 1741 1487 1120 1934 1897 1815 1483 1066 1598 1674 1942 1078 1038 1651 1093 1319 1677 1844 1886 1238 1529 1303 1018 1903 1919 1187 1525 1814 1400 1661 1816 1327 1787 1288 1949 1454 1580 1488 1127 1214 1968 1906 1668 1057 1183 1561 1699 1490 1059 1157 1305 1484 1369 1483 1364 1543 1099 1825 1168 1835 1601 1350 1284 1785 1619 1350 1553 1810 1808 1419 1991 1503 1411 1858 1210 1931 1087 1110 1121 1715 1836 1666 BCNSPRNW ULIB Ver.6.0+V

เปลี่ยนเป็นภาษาไทย

Change to English
 แสดงรายละเอียดบรรณานุกรม
  กลับหน้าหลัก

Brief Record : Get Marc (ISO 2709) : E-mail record : QR code < ปิดหน้าต่าง
LEADER : 00000nam 2200000uu 4500
001    13399108799
003     ULIB
008    110315s2544||||th 000 0 tha d
020    9746113488 (ล.1)
060 04 WY150^bม264ก 2544 ล.1
245 10 กรณีเลือกสรรการพยาบาลเพื่อการฟื้นฟูสภาพ หน่วยที่ 1- 5 =^bSelected casestudy on rehabilitation nursing /^cลั่นทม เศรษฐกร ... [และคนอื่นฯ]
246 31 Selected case study on rehabilitation nursing
250    พิมพ์ครั้งที่ 2
260    [นนทบุรี] :^bสาขาวิชาวิทยาศาสตร์สุขภาพมหาวิทยาลัยสุโขทัยธรรมาธิราช,^c2544
300    หน่วยที่ 1-5 = 388 หน้า :^bภาพประกอบ ;^c30 ซม.
500    "เอกสารการสอนชุดวิชา 51404 หน่วยที่ 1-5, 6-10, 11-15"--หน้าปกใน
591     2544 (พิมพ์ครั้งที่ 13)
650  7 การฟื้นฟูสมรรถภาพ^xการพยาบาล
700 0  ลั่นทม เศรษฐกร
710 2  มหาวิทยาลัยสุโขทัยธรรมาธิราช. ^bสาขาวิชาวิทยาศาสตร์สุขภาพ
945    ^p245^l0^i022706
945    ^p245^l0^i022705
945    ^p245^l0^i022704
945    ^p245^l0^i022703
945    ^p245^l0^i018930
995    เกษร
999 ^a ใช้งานได้ทุกระบบ
รายการนี้ยังไม่มีแท็ก
คุณยังไม่ได้ล็อกอิน คุณสามารถมีกิจกรรมร่วมกับเว็บไซต์ได้ แต่ต้องล็อกอินก่อน ::
  ล็อกอิน

รายการสื่อสารสนเทศ

ลำดับที่ ประเภท เลขเรียก/บาร์โค้ด สถานที่ สถานะ
- ไม่พบข้อมูล -

BibComment


ยังไม่เคยถูกคอมเมนท์

คอมเมนท์ทรัพยากรรายการนี้
  คอมเมนท์: กรณีเลือกสรรการพย..


 Copyright 2026. Bcnsprnw @Library